Logo BPK

Biblioteka

Politechniki Koszalińskiej

Matematiceskaja teorija parametriceskogo rezonansa v linejnych paspredelennych sistemach / (Rekord nr 15203)

Szczegóły MARC
000 -ETYKIETA REKORDU
podpole kontrolne o stałej długości 00582nam a2200193 i 4500
001 - NUMER KONTROLNY REKORDU
pole kontrolne bg
040 ## - ŹRÓDŁO KATALOGOWANIA
Instytucja, która utworzyła rekord BPK
041 ## - KOD JĘZYKA
Kod języka tekstu pol
080 ## - UNIWERSALNA KLASYFIKACJA DZIESIĘTNA - UKD
UKD 51:531
008 - POLE O STAŁEJ DŁUGOŚCI - DANE KONTROLNE
podpole kontrolne o stałej długości s pl f |000 0 pol
100 1# - NAZWA OSOBOWA
Nazwa osobowa FOMIN, V. N.
245 #0 - TYTUŁ/ODPOWIEDZIALNOŚĆ
Tytuł Matematiceskaja teorija parametriceskogo rezonansa v linejnych paspredelennych sistemach /
Pozostałe elementy strefy tytułu i oznaczenia odpowiedzialności V.N. Fomin.
260 ## - STREFA ADRESU WYDAWNICZEGO
Miejsce wydania Leningrad :
Nazwa wydawcy/dystrybutora Izdat. Leningr. Univers.,
Data publikacji, dystrybucji/powstania dokumentu 1972.
300 ## - STREFA OPISU FIZYCZNEGO
Objętość s. 239, nlb. 1 :
Inne cechy fizyczne rys., tsb.
500 ## - UWAGI OGÓLNE
Tekst uwagi Leningrad....Universitet...
500 ## - UWAGI OGÓLNE
Tekst uwagi [Alf. ros.].
504 ## - UWAGA DOTYCZĄCA BIBLIOGRAFII
Informacje o bibliografii [Zawiera bibliogr. s. 232-238].
856 ## - LOKALIZACJA I DOSTĘP DO ELEKTRONICZNYCH DOKUMENTÓW ZDALNYCH
Link (URL) http://koha.tu.koszalin.pl/cgi-bin/koha/opac-detail.pl?biblionumber=15203
Tekst linku Katalog online BPK
942 ## - DODATKOWE ELEMENTY (KOHA)
Typ dokumentu Książka
Egzemplarze
Wycofany Status egzemplarza Uszkodzony Dostępność Lokalizacja stała Lokalizacja bieżąca Miejsce przechowywania Sygnatura Kod kreskowy Typ dokumentu
      Dostępny Biblioteka Politechniki Koszalińskiej Biblioteka Politechniki Koszalińskiej Wypożyczalnia BG 15734 01730616 Książka
© 2023 Biblioteka Politechniki Koszalińskiej :: KOHA